000 00383nam a2200145Ia 4500
008 230917s9999||||xx |||||||||||||| ||und||
040 _e200090
_aMAIN
041 _aEnglish
082 _a820.8 R229R
100 _aSagare, Sarjerao, ed.
245 0 _aRealms of Gold: An anthology for degree classes
260 _aNew Delhi
_bOrient Longman
_c2007
300 _a225 p.
942 _cBK
999 _c170462
_d170462